German States Quiz - Mecklenburg-Vorpommern - Statistics

General Stats
  • This quiz has been taken 26 times
  • The average score is 10 of 17
Answer Stats
Hint Answer % Correct
Population-wise the largest city in the state Rostock
86%
Capital of Mecklenburg-Vorpommern Schwerin
86%
Before 1990, it was part of this country German Democratic Republic
79%
Largest German island Rügen
79%
... to be specific, into this sea Baltic Sea
71%
... with this one Poland
71%
Island Germany shares with another country Usedom
71%
Its geography is particularly known for this type of body of water Lakes
64%
Second-largest lake of Germany Müritz
64%
Famous painter from the romantic period, his perhaps most famous painting is called "Wanderer above the Sea of Fog" Caspar David Friedrich
57%
... which used to be a member of this trade confederation Hanseatic League
57%
Minister President Manuela Schwesig
50%
Football player born in Greifswald; stations include FC Bayern and Real Madrid, he retired in 2024 Toni Kroos
50%
Former German president, preceding the current president Frank-Walter Steinmeier Joachim Gauck
43%
The seat of parliament is located in this structure - UNESCO world heritage site since 2024 Schwerin Castle
43%
Aviation pioneer who became the first person to repeatedly fly using gliders, born in today's Mecklenburg-Vorpommern Otto Lilienthal
21%
... and also the city where this river flows into the sea in the city Warnow
21%
No matching quizzes found
Score Distribution
Percent of People with Each Score
Percentile by Number Answered
Your Score History
You have not taken this quiz